| 000 | 00501nam a2200181Ia 4500 | ||
|---|---|---|---|
| 005 | 20250508152944.0 | ||
| 008 | 008 250505s9999 xx 000 0 eng d | ||
| 037 | _aTextual | ||
| 040 |
_aFEDL _beng _cFEDL |
||
| 041 |
_aeng _2eng |
||
| 084 |
_a360, PON _qFEDL |
||
| 100 |
_aPonsioen J. A...(et.al). _9762827 |
||
| 245 | 0 | _aSocial welfare policy : First collection contribution to theory | |
| 260 | _c1962 | ||
| 300 | _a287p | ||
| 942 |
_cTEXL _h360, PON |
||
| 999 |
_c1339809 _d1339809 |
||